000 00452pab a2200181 454500
008 180718b2008 xxu||||| |||| 00| 0 eng d
100 _aLee, Kyu Sang
245 _aThe energy behind Vernon Smith's experimental economics
260 _c2008
300 _ap.257-71.
362 _aMar
650 _aSmith, Vernon
650 _aEconomics
700 _aMirowski, Philip
773 _aCambridge Journal of Economics
908 _aN
909 _a78502
999 _c78502
_d78502